Economics of Agricultural Mechanisation (Record no. 1048)
[ view plain ]
| 000 -LEADER | |
|---|---|
| fixed length control field | 00633nam a22002297a 4500 |
| 005 - DATE AND TIME OF LATEST TRANSACTION | |
| control field | 20240321071646.0 |
| 008 - FIXED-LENGTH DATA ELEMENTS--GENERAL INFORMATION | |
| fixed length control field | 240321b |||||||| |||| 00| 0 eng d |
| 020 ## - INTERNATIONAL STANDARD BOOK NUMBER | |
| International Standard Book Number | 8186026223 |
| 040 ## - CATALOGING SOURCE | |
| Original cataloging agency | KMU |
| Transcribing agency | KMU |
| Modifying agency | KMU |
| Description conventions | rda |
| 050 ## - LIBRARY OF CONGRESS CALL NUMBER | |
| Classification number | S 675 Pun |
| 100 ## - MAIN ENTRY--PERSONAL NAME | |
| Personal name | Jabi Pun R.K |
| 245 ## - TITLE STATEMENT | |
| Title | Economics of Agricultural Mechanisation |
| Remainder of title | / |
| Statement of responsibility, etc. | R.K.Pum Jab |
| 250 ## - EDITION STATEMENT | |
| Edition statement | First edition |
| 260 ## - PUBLICATION, DISTRIBUTION, ETC. | |
| Place of publication, distribution, etc. | India: |
| Name of publisher, distributor, etc. | Dulga taldar, |
| Date of publication, distribution, etc. | 1996. |
| 300 ## - PHYSICAL DESCRIPTION | |
| Extent | 192 p.: |
| Other physical details | ill.; |
| Dimensions | 18cm |
| 521 ## - TARGET AUDIENCE NOTE | |
| Target audience note | Includes bibliography |
| 600 ## - SUBJECT ADDED ENTRY--PERSONAL NAME | |
| Titles and other words associated with a name | Agricultural Mechanism |
| 600 ## - SUBJECT ADDED ENTRY--PERSONAL NAME | |
| Titles and other words associated with a name | Economics |
| 600 ## - SUBJECT ADDED ENTRY--PERSONAL NAME | |
| Titles and other words associated with a name | Agriculture |
| 650 ## - SUBJECT ADDED ENTRY--TOPICAL TERM | |
| Source of heading or term | Agricultural Mechanism |
| 942 ## - ADDED ENTRY ELEMENTS (KOHA) | |
| Source of classification or shelving scheme | Library of Congress Classification |
| Koha item type | Non-Fiction |
| Suppress in OPAC | No |
| Withdrawn status | Lost status | Source of classification or shelving scheme | Damaged status | Not for loan | Collection | Home library | Current library | Shelving location | Date acquired | Source of acquisition | Total Checkouts | Full call number | Barcode | Date last seen | Price effective from | Koha item type |
|---|---|---|---|---|---|---|---|---|---|---|---|---|---|---|---|---|
| Library of Congress Classification | Non-fiction | Kapasa Makasa University | Kapasa Makasa University | Open Access | 21.03.2024 | CBU | S 675 Pun 1996 | 732333 | 10.03.2026 | 21.03.2024 | Non-Fiction | |||||
| Library of Congress Classification | Non-fiction | Kapasa Makasa University | Kapasa Makasa University | Open Access | 21.03.2024 | CBU | S 675 Pun 1996 | 732332 | 21.03.2024 | 21.03.2024 | Non-Fiction |